[Event "EU School-chT 05th"]
[Site "Bastia"]
[Date "2016.06.09"]
[Round "3.6"]
[White "Maurizzi, Marc Andria"]
[Black "Shavit, Inbar"]
[Result "1-0"]
[WhiteElo "1635"]
[BlackElo "1781"]
[PlyCount "87"]
[EventDate "2016.06.10"]
[EventType "team-tourn"]
[EventRounds "3"]
[EventCountry "FRA"]
[SourceTitle "EXT 2024"]
[Source "ChessBase"]
[SourceDate "2023.10.10"]
[SourceVersion "1"]
[SourceVersionDate "2023.10.10"]
[SourceQuality "1"]

1. e4 c5 2. Nf3 d6 3. d4 cxd4 4. Nxd4 Nf6 5. Nc3 g6 6. Bg5 Bg7 7. Bb5+ Bd7 8. Qe2 a6 9. Bxd7+ Qxd7 10. 0-0-0 0-0 11. f4 b5 12. e5 dxe5 13. fxe5 h6 14. exf6 exf6 15. Be3 Re8 16. Qf3 Ra7 17. Nb3 Qe6 18. Bxa7 Nc6 19. Bf2 b4 20. Nd5 Rd8 21. Nc7 Rxd1+ 22. Rxd1 Qc8 23. Qxc6 Kh7 24. Qd7 Qb7 25. Qxf7 Qc8 26. Ne6 Qh8 27. Rd7 a5 28. Nxg7 Qg8 29. Nh5+ Qxf7 30. Rxf7+ Kg8 31. Rxf6 a4 32. Rxg6+ Kf8 33. Bc5+ Kf7 34. Rf6+ Kg8 35. Nd4 b3 36. axb3 axb3 37. cxb3 Kh7 38. b4 Kg8 39. b5 Kh7 40. b6 Kg8 41. b7 Kh7 42. Nf5 Kg8 43. b8Q+ Kh7 44. Rxh6# 1-0